Soprannomi dei calciatori - 4 - Statistics

Statistiche generali
  • Questo quiz è stato fatto 92 volte
  • Il punteggio medio è 8 su 15
Statistiche sulle risposte
Soprannome Calciatore % Corretto
Superpippo Filippo Inzaghi
99%
el Matador Edinson Cavani
90%
el Toro Lautaro Martínez
86%
el Apache Carlos Tévez
81%
el Pocho Ezequiel Lavezzi
80%
Marekiaro Marek Hamsik
72%
Furia Ceca Pavel Nedved
72%
Big Mac Massimo Maccarone
54%
Scarface Franck Ribéry
48%
Pitbull Edgar Davids
23%
Wonderboy Michael Owen
17%
il Barone Nils Erik Liedholm
17%
il Bambino d'Oro Ricardo Kakà
10%
il Tacco di Allah Rabah Madjer
5%
Schizzo Marco Tardelli
4%
Nessun quiz corrispondente trovato
Distribuzione punteggi
Percentuale di utenti per punteggio
Percentile per numero di risposta
I tuoi punteggi nel tempo
Non hai fatto questo quiz